Responses to "called to witness to the gospel today" (Registro nro. 55262)
[ vista simple ]
| 000 -LÍDER | |
|---|---|
| Campo fijo de descripción fija | 01127aab a2200229 i 4500 |
| 001 - NÚMERO DE CONTROL | |
| Campo de control | 768714001 |
| 003 - IDENTIFICADOR DEL NÚMERO DE CONTROL | |
| Campo de control | CO-MdFUSB |
| 005 - FECHA Y HORA DE LA ULTIMA TRANSACCIÓN | |
| control field | 20240702161424.0 |
| 008 - ELEMENTOS DE LONGITUD FIJA -- INFORMACIÓN GENERAL | |
| Campo fijo de descripción fija -- Información general | 240702t1990 sz ||||| |||| 00| 0 eng d |
| 040 ## - FUENTE DE CATALOGACIÓN | |
| Idioma de catalogación | spa |
| Agencia que realiza la transcripción | CO-MdFUSB |
| 041 ## - CÓDIGO DE IDIOMA | |
| Código de idioma para texto/pista de sonido o título separado | eng |
| 245 10 - TÍTULO | |
| Título | Responses to "called to witness to the gospel today" |
| 520 ## - NOTA DE RESUMEN, ETC. | |
| Nota de sumario, etc. | Del estudio de Ottawa "Llamados a ser testigos del Evangelio hoy". En la Asamblea General en Seúl, los delegados ordenaron a la Oficina de Ginebra que preparara un folleto de seguimiento que aseguraría la continuidad entre el "Estudio Llamados a Testificar" y las necesidades y problemas de las iglesias reformadas hoy. Las siguientes críticas al estudio Llamados a Testificar sugieren varias preguntas para la Alianza en el futuro |
| 546 ## - NOTA DE IDIOMA | |
| Nota de idioma | Texto en inglés. |
| 650 #0 - ASIENTO SECUNDARIO DE MATERIA - TERMINO TEMÁTICO | |
| Término temático o nombre geográfico como elemento de entrada | Reforma de la iglesia |
| 9 (RLIN) | 958 |
| 650 #0 - ASIENTO SECUNDARIO DE MATERIA - TERMINO TEMÁTICO | |
| Término temático o nombre geográfico como elemento de entrada | Conversión |
| 9 (RLIN) | 950 |
| 650 #0 - ASIENTO SECUNDARIO DE MATERIA - TERMINO TEMÁTICO | |
| Término temático o nombre geográfico como elemento de entrada | Teología práctica |
| 9 (RLIN) | 180 |
| 650 #0 - ASIENTO SECUNDARIO DE MATERIA - TERMINO TEMÁTICO | |
| Término temático o nombre geográfico como elemento de entrada | Evangelización |
| 9 (RLIN) | 362 |
| 773 0# - ASIENTO DE ITEM FUENTE | |
| Título | Reformed World |
| Biblionumber | 49396 |
| Itemnumber | 59550 |
| Parte(s) relacionada(s) / Volumen., número. (mes año), páginas | Volumen 41, (número 1, 1990) páginas: 23 - 25 |
| Enumeración y primera página | página: 23 |
| 942 ## - TIPO DE MATERIAL (KOHA) | |
| Tipo de Item KOHA | Artículos de Revista |
| 945 ## - INFORMACIÓN LOCAL DEL REGISTRO | |
| Catalogador | Catherine Arias Álvarez - Practicante SENA |
No hay ítems disponibles.
